|
|
|
|
| LEADER |
00713 a2200181 4500 |
| 005 |
20151026132948.0 |
| 008 |
110418t xxu||||| |||| 00| 0 eng d |
| 080 |
|
|
|a 343.2/.7:159.9
|b KAP
|
| 100 |
|
|
|a Kapardis, Andreas
|9 15480
|
| 245 |
|
|
|a Psychology and law
|b a critical introduction
|
| 300 |
|
|
|a xiv, 597p.
|
| 653 |
|
|
|a Criminal law - Psychology - case studies
|a Crime victims - Psychology
|a Legal psychology
|
| 942 |
|
|
|c BK
|6 _
|
| 260 |
|
|
|a Delhi
|b Cambridge university press
|c 2010
|9 14905
|
| 250 |
|
|
|a 3rd ed.
|
| 020 |
|
|
|a 9780521707732
|
| 999 |
|
|
|c 60485
|d 60485
|
| 952 |
|
|
|0 0
|1 0
|2 udc
|4 0
|6 343271599_KAP
|7 0
|9 72838
|a UL
|b UL
|c GEN
|d 2011-02-08
|e 89
|g 0.00
|l 1
|o 343.2/.7:159.9 KAP
|p 00065201
|r 2012-03-11
|s 2012-02-18
|v 0.00
|w 2011-02-08
|y BK
|